Derechos sexuales y reproductivos de las personas con capacidad restringida y discapacidad. La ley 26.130 en el Código Civil y Comercial de la Nación / (Registro nro. 6254)
[ vista simple ]
| 000 -LEADER | |
|---|---|
| fixed length control field | 01352nab a22002177a 4500 |
| 003 - CONTROL NUMBER IDENTIFIER | |
| control field | OSt |
| 005 - DATE AND TIME OF LATEST TRANSACTION | |
| control field | 20260128020707.0 |
| 008 - FIXED-LENGTH DATA ELEMENTS--GENERAL INFORMATION | |
| fixed length control field | 190514b xxu||||| |||| 00| 0 spa d |
| 040 ## - CATALOGING SOURCE | |
| Transcribing agency | PJ |
| 100 ## - MAIN ENTRY--PERSONAL NAME | |
| 9 (RLIN) | 6965 |
| Personal name | Gilardoni, Victoria |
| 245 10 - TITLE STATEMENT | |
| Title | Derechos sexuales y reproductivos de las personas con capacidad restringida y discapacidad. La ley 26.130 en el Código Civil y Comercial de la Nación / |
| Statement of responsibility, etc | Victoria Gilardoni. |
| 300 ## - PHYSICAL DESCRIPTION | |
| Extent | p. 12-18 |
| 500 ## - GENERAL NOTE | |
| General note | Cita: TR LALEY AR/DOC/2508/2025. |
| 505 ## - FORMATTED CONTENTS NOTE | |
| Formatted contents note | Sumario: I. Introducción. Objetivos.— II. Régimen para las intervenciones de contracepción quirúrgica. Ley 27.655, modificatoria de la 26.130.— III. Convención de los Derechos de las Personas con Discapacidad y la ley 26.657 de "Derecho a la Protección de la Salud Mental".— IV. El consentimiento informado en el Cód. Civ. y Com. Integración con la ley 26.130 y su modificación del año 2021, 27.655.— V. Consagración de la dignidad de la persona humana. Palabras finales. |
| 505 ## - FORMATTED CONTENTS NOTE | |
| Title | Si te interesa el texto, comunicate a koha@justierradelfuego.gov.ar |
| 650 #0 - SUBJECT ADDED ENTRY--TOPICAL TERM | |
| 9 (RLIN) | 967 |
| Topical term or geographic name as entry element | DERECHO DE FAMILIA |
| 650 #0 - SUBJECT ADDED ENTRY--TOPICAL TERM | |
| 9 (RLIN) | 1497 |
| Topical term or geographic name as entry element | CODIGO CIVIL Y COMERCIAL |
| 650 #0 - SUBJECT ADDED ENTRY--TOPICAL TERM | |
| 9 (RLIN) | 3271 |
| Topical term or geographic name as entry element | PERSONAS CON DISCAPACIDAD |
| 773 0# - HOST ITEM ENTRY | |
| Host Biblionumber | 2844 |
| Host Itemnumber | 3222 |
| Place, publisher, and date of publication | Buenos Aires : AbeledoPerrot, 1989- |
| Title | Derecho de familia. N° 122 - Noviembre 2025 |
| International Standard Book Number | 18511201 |
| 942 ## - ADDED ENTRY ELEMENTS (KOHA) | |
| Source of classification or shelving scheme | |
| Koha item type | Analítica Artículo de Revista |
No hay ítems disponibles.
